Racun perosak yang telah berdaftar .

Bibliographic Details
Corporate Authors: Lembaga Racun Makhluk Perosak Malaysia, Pesticides Board Malaysia
Format: Book
Published: Kuala Lumpur : Jabatan Pertanian , 1997
Subjects:

MARC

LEADER 00000cam a2200000 7i4500
001 0000001852
005 20020717.0
090 0 0 |a R344.04633   |b AKT 1997 
240 0 0 |a AKTA Racun Makhluk Perosak 1974 
245 1 0 |a Racun perosak yang telah berdaftar .   |l registered pesticides 1994-1996   |c Lembaga Racun Makhluk Perosak Malaysia 
260 0 0 |a Kuala Lumpur :   |b Jabatan Pertanian ,   |c 1997 
300 |a 140 p. ;   |c 30x21 cm. 
650 0 0 |a Pesticides $z Malaysia $x Law and legislation 
710 1 1 |a Lembaga Racun Makhluk Perosak Malaysia 
710 1 1 |a Pesticides Board Malaysia 
745 0 0 |a Pesticides Act 1974 
998 |a JPSM 
999 |a 0000002885   |b Monograph   |c Open Shelf   |e Default branch 
999 |a 0000003383   |b Monograph   |c Reference   |e Default branch